LDR 01611namaa2200385 i 4500 001 000000178668 003 CaOOAMICUS 005 20260415102757.0 007 tu 008 260415s2025 it l 000 u ita r 020 $a978-88-288-5821-8* 040 $aPUL$bita$erda 082 0 $a344.45 110 1 $aItalia$eautore.$0(OLS)http://pul/name/1188 245 00$aCodice del lavoro /$cdiretto da Roberto Pessi ... [et al.]. 264 4$c©2025. 264 1$aMilano :$bGiuffrè Francis Lefebvre,$c[2025] 300 $aLVIII, 1876 pagine ;$c25 cm 336 $atesto$btxt$2rdacontent 337 $asenza mediazione$bn$2rdamedia 338 $avolume$bnc$2rdacarrier 490 1 $aI codici commentati Giuffrè ;$v 500 $aIn copertina: edizione integrale online sempre aggiornata. 650 4$aDiritto del lavoro$zItalia.$0(OLS)http://pul/subject/2593 700 1 $aPessi, Roberto,$d1948-,$edirettore di pubblicazione.$0(OLS)http://pul/name/40189 830 2$aI codici commentati (Giuffrè).$0(OLS)http://pul/title/192430 850 $aPUL 852 $aPUL$W1$xSL Diritto e Scienze Sociali 3$y79$m348. 45 COD 5.67$j202435$qDDC 21$B207835$CPULBib$Z2$F207835 $H138517 $82 941 1 $a9 996 $6020$a978-88-288-5821-8*$9(OLS)http://pul/number/170928 996 $6082$a344.45$9(OLS)http://pul/classification/416 996 $6245$aCodice del lavoro$9(OLS)http://pul/title/220244 996 $6264$aMilano :$bGiuffrè Francis Lefebvre$9(OLS)http://pul/publisher/86917 996 $6264$a[S.l.] :$b[s.n.]$9(OLS)http://pul/publisher/0